|
|
|
|
| LEADER |
00811nab a2200229 i 4500 |
| 001 |
misc65023 |
| 005 |
20240917130433.0 |
| 008 |
240220s1951 hu o 000 tur d |
| 040 |
|
|
|a SZTE Miscellanea Repozitórium
|b hun
|
| 041 |
|
|
|a tur
|
| 100 |
1 |
|
|a Tietze Andreas
|
| 245 |
1 |
0 |
|a XVI. asır Türk şiirinde gemici dili
|h [elektronikus dokumentum] :
|b âgehi kasidesi ve tahmisleri /
|c Tietze Andreas
|
| 260 |
|
|
|a Yalçın Matbaası
|b İstanbul
|c 1951
|
| 300 |
|
|
|a 113-138
|c 24 cm
|
| 300 |
|
|
|a [26] p.
|c 24 cm
|
| 490 |
0 |
|
|a Türkiyat mecmuası
|
| 561 |
|
|
|a Németh Gyula hagyaték
|
| 591 |
|
|
|a NOA 6066
|
| 650 |
|
4 |
|a Bölcsészettudományok
|
| 650 |
|
4 |
|a Nyelvek és irodalom
|
| 695 |
|
|
|a Török irodalom - költészet - 16. sz.
|
| 856 |
4 |
0 |
|u http://misc.bibl.u-szeged.hu/65023/1/6066_noa.pdf
|z Dokumentum-elérés
|